| 000 | 00721cam a22002293a 4500 | ||
|---|---|---|---|
| 001 | 44983 | ||
| 003 | PGUSA | ||
| 005 | 20140828084028.0 | ||
| 008 | 140222s2014||||xxu|||||s|||||000 | eng d | ||
| 040 |
_aPGUSA _beng |
||
| 042 | _adc | ||
| 050 | 4 | _aD501 | |
| 100 | 1 |
_aNewman, E. M. _q(Edward Manuel), _d1870-1953 |
|
| 245 | 1 | 4 |
_aThe Mentor : _bItaly Under War Conditions, Vol. 6, Num. 23, Ser. No. 171, January 15, 1919 _h[electronic resource] / _cE. M. Newman |
| 260 |
_bProject Gutenberg, _c2014 |
||
| 506 | _aPublic domain in the USA. | ||
| 516 | _aElectronic text | ||
| 653 | _aWorld War, 1914-1918 -- Italy | ||
| 830 | 0 |
_aProject Gutenberg _v44983 |
|
| 856 | 4 | 0 | _uhttp://www.gutenberg.org/ebooks/44983 |
| 942 | _cEB | ||
| 999 |
_c274234 _d274234 |
||